Similar Harry Potter Chapters Quiz Stats

 Plays Quiz Updated Dec 5, 2017

Score 0/34 Timer 05:00
1 Play Today
% Correct
Luna Lovegood
91.2%
The First Task
77.8%
The Second Task
77.4%
The Third Task
77.1%
Xenophilius Lovegood
75.5%
Hermione's Secret
70.2%
The Lost Diadem
60.4%
The Polyjuice Potion
55.7%
The Life and Lies of Albus Dumbledore
53%
Felix Felicis
52.9%
Dobby's Warning
49.7%
Flight of the Prince
48.5%
The Prince's Tale
48.4%
The Will of Albus Dumbledore
47.4%
Hagrid's Tale
44.6%
The Unexpected Task
44.3%
Cat, Rat, and Dog
42.8%
% Correct
The Unforgivable Curses
41.4%
Kreacher's Tale
41.1%
The Lost Prophecy
39.3%
The Unexpected Task
38.2%
Dobby's Reward
38.1%
The Unbreakable Vow
37.6%
Flight of the Fat Lady
37.5%
Hermione's Helping Hand
34.4%
Mudbloods and Murmurs
27.3%
Flesh, Blood, and Bone
25%
Talons and Tea Leaves
22.6%
The Unknowable Room
22.2%
The Dark Lord Ascending
19.1%
Percy and Padfoot
18.2%
Will and Won't
14.9%
Fight and Flight
14.7%
The Dursleys Departing
14.4%

You're not logged in!

Compare scores with friends on all Sporcle quizzes.
OR
Log In

You Might Also Like...

Show Comments

Extras

Top Quizzes Today


Score Distribution

Your Account Isn't Verified!

In order to create a playlist on Sporcle, you need to verify the email address you used during registration. Go to your Sporcle Settings to finish the process.

Report this User

Report this user for behavior that violates our Community Guidelines.

Details: